Music Quiz

Random Music or Album Quiz

1986 Albums Quiz Stats

Quiz not verified by Sporcle

Challenge
Share
Tweet
Embed
Score 0/45 Timer 08:00
0 Plays Today
% Correct
Paul Simon
91.1%
Genesis
89.2%
Bon Jovi
89.2%
Beastie Boys
87.8%
Madonna
82.8%
Duran Duran
80.3%
Van Halen
79%
Peter Gabriel
78.3%
Bruce Hornsby & The Range
73.2%
Steve Winwood
73.2%
Poison
63.7%
R.E.M.
55.4%
Talking Heads
39.5%
Billy Joel
37.6%
Journey
35.7%
Depeche Mode
30.6%
The Bangles
28.7%
Paul McCartney
24.2%
a-ha
24.2%
Spandau Ballet
23.6%
Pretenders
22.4%
Rod Stewart
21.7%
Iggy Pop
21%
% Correct
New Order
20.4%
The Moody Blues
19.1%
Glass Tiger
19.1%
Peter Cetera
18.5%
Big Country
17.2%
38 Special
17.2%
Kraftwerk
16%
Eddie Money
15.9%
The Firm
15.3%
The Pointer Sisters
14.1%
Culture Club
14%
Kim Wilde
13.4%
The Human League
13.4%
Bananarama
12.7%
Erasure
12.7%
Electric Light Orchestra
12.1%
Sigue Sigue Sputnik
12.1%
Chaka Khan
11.5%
Heaven 17
9.6%
Ric Ocasek
8.9%
Nik Kershaw
8.3%
Gary Numan
5.8%

You're not logged in!

Compare scores with friends on all Sporcle quizzes.
Sign Up with Email
OR
Log In

You Might Also Like...

Show Comments

Extras

Top Quizzes Today


Score Distribution

Your Account Isn't Verified!

In order to create a playlist on Sporcle, you need to verify the email address you used during registration. Go to your Sporcle Settings to finish the process.